|
|
|
|
| LEADER |
00000ny a22000003n 4500 |
| 005 |
2011061404164.0 |
| 008 |
040917s2009 sp 001 0 spa d |
| 035 |
|
|
|a 4623
|
| 040 |
|
|
|a BUS
|d vLex
|
| 080 |
|
|
|a 347.453.3(460)(094.4.072)
|
| 090 |
|
|
|c 677
|d 677
|
| 100 |
1 |
|
|a Vz̀quez Barros, Sergio
|
| 245 |
1 |
0 |
|a Comentarios a la Ley de arrendamientos urbanos
|h [Recurso electrn̤ico]
|c Sergio Vz̀quez Barros
|
| 256 |
|
|
|a Servicio en ln̕ea
|
| 260 |
|
|
|a Barcelona :
|b vLex,
|c 2009
|
| 300 |
|
|
|a p. ;
|c cm
|
| 506 |
1 |
|
|a Contenido solo disponible en los productos indicados
|d vLex Global
|d vLex Global (Academic Edition, excluding Law Schools)
|d vLex Global (U.S. Academic Edition, Law Schools)
|d vLex Global (U.S. Academic Edition, excluding Law Schools)
|d vLex Global (Academic Edition, Law Schools)
|
| 650 |
0 |
7 |
|2 Tesauro vLex
|a Contratos de transaccin̤
|
| 650 |
0 |
7 |
|2 Tesauro vLex
|a Arrendamientos urbanos
|
| 650 |
0 |
7 |
|2 Tesauro vLex
|a Arrendamientos
|
| 710 |
1 |
2 |
|a Espaą.
|t Ley de arrendamientos urbanos, 1994
|
| 740 |
0 |
|
|a vLex Libros (Servicios en ln̕ea)
|
| 856 |
4 |
0 |
|z Texto completo (Vlex)
|u http://vlex.com/source/4623
|
| 942 |
|
|
|c BOOK
|
| 999 |
0 |
|
|a Law
|b Barcelona
|